00514nam a22001457a 4500082002700000100003100027245006000058260004300118300003100161526003700192650001300229942001200242999001900254952009500273 a621.56bSEVcL-8, P-22 aSeverns, williwm H.941908 aAir Conditioning and refrigerationcSeverns, williwm H. aLondon, JapanbJohn Wiley & Sonsc1958 axiii, 563 p.bill.c28 cm. a0b0c0d621_560000000000000_SEV aMCE9379 2ddccBK c545930d545930 00102ddc4070aMCEbMCEd2014-05-30l0o621.56 SEVpMCE-3102r2014-05-30w2021-03-14yBK